Prisons with stained glass windows. (Record no. 14179)

000 -LEADER
fixed length control field 00569nam a2200181 a 4500
001 - CONTROL NUMBER
control field :::00012003$&:&@@
003 - CONTROL NUMBER IDENTIFIER
control field OkBaRHE
005 - DATE AND TIME OF LATEST TRANSACTION
control field 20000607103415.0
008 - FIXED-LENGTH DATA ELEMENTS--GENERAL INFORMATION
fixed length control field s1963 j 000 0 eng u
040 ## - CATALOGING SOURCE
Transcribing agency
100 1# - MAIN ENTRY--PERSONAL NAME
Personal name Allen, A. A. (Asa Alonza), 1911-1970.
245 10 - TITLE STATEMENT
Title Prisons with stained glass windows.
260 ## - PUBLICATION, DISTRIBUTION, ETC. (IMPRINT)
Place of publication, distribution, etc Miracle Valley, AZ., :
Name of publisher, distributor, etc A. A. Allen Revivals,
Date of publication, distribution, etc c1963
300 ## - PHYSICAL DESCRIPTION
Extent 115 p. ;
Dimensions 20 cm.
650 ## - SUBJECT ADDED ENTRY--TOPICAL TERM
Topical term or geographic name as entry element Sermons
942 ## - ADDED ENTRY ELEMENTS (KOHA)
Source of classification or shelving scheme
Koha item type Books
Copies
Source of classification or shelving scheme Price effective from Withdrawn status Date last seen Current Location Total Checkouts Date checked out Copy number Not for loan Permanent Location Shelving location Full call number Date acquired Koha item type Lost status Damaged status Barcode Total Renewals
 2010-04-14 2017-01-03RHEMA Bible Training College12016-12-061 RHEMA Bible Training CollegeGeneral StacksBX 8764 .Z6A42010-04-14Books  120031